000 00403nam a2200133Ia 4500
008 220214s9999 xx 000 0 und d
022 _a0970-0560
245 0 _aEconomic and Commercial News
260 _bDirector of Commercial Publicity
_aNew Delhi
500 _aEnding Volume & Year: 5, 1975
500 _aMissing Volume: 3;4;1(30,31);5(41- )
500 _aStarting Volume & Year: 1, 1971
942 _cBJ
999 _c5086
_d5086